UBT Library

Population ecology : (Record no. 44043)

000 -LEADER
fixed length control field 00661pam a2200229 a 4500
001 - CONTROL NUMBER
control field 2314285
005 - DATE AND TIME OF LATEST TRANSACTION
control field 20180302072025.0
008 - FIXED-LENGTH DATA ELEMENTS--GENERAL INFORMATION
fixed length control field 810415s1981 maua b 001 0 eng
010 ## - LIBRARY OF CONGRESS CONTROL NUMBER
LC control number 81005641
020 ## - INTERNATIONAL STANDARD BOOK NUMBER
International Standard Book Number 0878930663 :
Terms of availability $35.00 (est.)
020 ## - INTERNATIONAL STANDARD BOOK NUMBER
International Standard Book Number 0878930671 (pbk.) :
Terms of availability $18.00 (est.)
040 ## - CATALOGING SOURCE
Original cataloging agency DLC
Transcribing agency DLC
Modifying agency DLC
041 ## - LANGUAGE CODE
Language code of text/sound track or separate title eng
080 ## - UNIVERSAL DECIMAL CLASSIFICATION NUMBER
Universal Decimal Classification number 574.5248
082 00 - DEWEY DECIMAL CLASSIFICATION NUMBER
Classification number 574.5248 BEG
Edition number 19
100 1# - Rafti
Rafti 9
101 ## - Shkurtesa
Shkurtesa MJE
245 10 - TITLE STATEMENT
Title Population ecology :
Statement of responsibility, etc Michael Begon, Martin Mortimer.
504 ## - BIBLIOGRAPHY, ETC. NOTE
Bibliography, etc Bibliography: p. 185-192.
906 ## - LOCAL DATA ELEMENT F, LDF (RLIN)
a 7
b cbc
c orignew
d 1
e ocip
f 19
g y-gencatlg
942 ## - ADDED ENTRY ELEMENTS (KOHA)
Source of classification or shelving scheme
Item type Books
Holdings
Withdrawn status Lost status Source of classification or shelving scheme Damaged status Not for loan Collection code Permanent location Current location Shelving location Date acquired Total Checkouts Full call number Barcode Date last seen Price effective from Koha item type
          Koleksioni i përgjithshem UBT - Lipjan UBT - Lipjan Koleksioni i përgjithshem 03/02/2018   574.5248 BEG 002-3000819 03/02/2018 03/02/2018 Books
UBT Library © 2015-2024. All rights reserved University Education for Business and Technology